000 01067nam2a22002291 4500
001 rc\155210
005 20250612170746.0
035 _a(NLR Aleph) 008743377
090 _a9541149
_c9541149
100 _a20030307d1992 |||y0rusy50 ca
101 0 _arus
102 _aRU
105 _ay |||||||||
200 1 _aКарелы. Финны
_eПроблемы этнической истории
_eСб. ст. и докл.
210 _cБ. и.
_d1992
_aБ. м.
215 _a227 с.
461 0 _1001rc\155203
_12001#$aМатериалы к серии "(Народы и культуры)"$fРАН. Ин-т этнологии и антропологии им. Н.Н. Миклухо-Маклая$gОтв. ред. Ю.Б. Симченко$vВып. 16
_96446504
_cМ.
_d1992
_fРАН. Ин-т этнологии и антропологии им. Н.Н. Миклухо-Маклая
_tМатериалы к серии "(Народы и культуры)"
_vВып. 16
801 0 _aRU
_bNLR
_gpsbo
801 1 _aRU
_bELAR
_2rusmarc
852 _aNLR
_jDesideratum
942 _cBOOK
980 _aNB